000 00246nam a2200109Ia 4500
008 190216s9999||||xx |||||||||||||| ||und||
100 _aSreedar Mishra
245 0 _aHindi-Lok Kadhayem
260 _bAnil Prakashan
650 _aHindi
942 _cBK
999 _c15279
_d15279